000 01550cam a2200421 i 4500
001 20690521
003 NUST
005 20220829150424.0
008 180928s2019 nyu 000 1 eng
010 _a 2018044622
020 _a9780062841100
_q(hardcover)
020 _z9780062939654
_q(international edition paperback)
038 _aAzhar
040 _aDLC
_beng
_cDLC
_erda
_dDLC
042 _apcc
043 _an-us---
_ae-gx---
050 0 0 _aPS3553.H473
_bR47 2019
082 0 0 _a813.54
_bCHI
100 1 _aChiaverini, Jennifer,
_eauthor.
_996077
245 1 0 _aResistance women :
_ba novel
_cJennifer Chiaverini.
250 _aFirst edition.
260 _aNew York, NY :
_bWilliam Morrow,
_c[2019]
300 _a594 pages ;
_c24 cm
336 _atext
_btxt
_2rdacontent
337 _aunmediated
_bn
_2rdamedia
338 _avolume
_bnc
_2rdacarrier
563 _aHB
600 1 0 _aHarnack-Fish, Mildred,
_d1902-1943
_vFiction.
_998397
650 0 _aWomen spies
_zUnited States
_vFiction.
_998398
650 0 _aWorld War, 1939-1945
_xUnderground movements
_vFiction.
_922606
650 0 _aWorld War, 1939-1945
_zGermany
_zBerlin
_vFiction.
_998399
655 7 _aBiographical fiction.
_2gsafd
_9416
655 7 _aHistorical fiction.
_2gsafd
776 0 8 _iOnline version:
_aChiaverini, Jennifer.
_tResistance women
_bFirst Edition
_dNew York, NY : William Morrow, [2019]
_z9780062841117
_w(DLC) 2018047334
906 _a7
_bcbc
_corignew
_d1
_eecip
_f20
_gy-gencatlg
942 _2ddc
_cLC
999 _c591291
_d591291